Normal view
MARC view
Entry Personal Name
001 - CONTROL NUMBER
- control field: 10081
003 - CONTROL NUMBER IDENTIFIER
- control field: NUST
005 - DATE AND TIME OF LATEST TRANSACTION
- control field: 20180307060100.0
008 - FIXED-LENGTH DATA ELEMENTS
- fixed length control field: 180307|| aca||aabn | a|a d
040 ## - CATALOGING SOURCE
- Original cataloging agency: NUST
- Transcribing agency: NUST
100 ## - HEADING--PERSONAL NAME
- Personal name:
- General subdivision: Computational Sciences and Engineering (CS &E)
670 ## - SOURCE DATA FOUND
- Source citation: Work cat.: (NUST): Rimsha Khan 10080, Thesis: Investigating Locomotion Performance Using Evolutionary Robotics (ER) Based Simulation Program and Finite Element Analysis (FEA) , Jan,2018
